00802 2200289 4500001002100000005001700021008004100038020001800079035002400097082001000121090001700131100002200148245010000170250001100270260004200281300002500323500003400348650001600382700002400398850001500422980001100437985000600448986001300454999001500467999001500482999001500497YOGYA-0209000001263620090227022238.0 ind  a979-655-841-6 0010-020900000012636 a155.2 a155.2bEke D aEKEREN, Glenn Van a12 Rahasia kecil menuju hidup bahagiacGlenn Van Ekeren ; alih bahasa, Alex Tri Kantjono Widodo aCet. 2 aJakartabGramedia Pustaka Utamac2001 axxii, 235 hlmc20 cm a12 simple secret of happiness aKepribadian aWidodo, Tri Kancono aYOPDYOG(B) a060605 a3 afwhrtrev a03P0000547 a03P0000548 a03P0000549